[Event "Washington Open"]
[Site "Chess.com"]
[Date "2020.05.24"]
[Round "?"]
[White "Willy, Stephen"]
[Black "Gurumurthy, Srikrishna"]
[Result "1-0"]
[WhiteElo "1137"]
[BlackElo "1232"]
[PlyCount "51"]
[EventDate "2020.??.??"]

1. e4 e5 2. Nf3 Nc6 3. Bc4 Bc5 4. Nc3 Nf6 5. d3 h6 6. Be3 Bb6 7. Qd2 d6 8. h3
Be6 9. Nd5 Nxd5 10. exd5 Na5 11. dxe6 Nxc4 12. exf7+ Kxf7 13. dxc4 Bxe3 14.
fxe3 Rf8 15. Rf1 Kg8 16. O-O-O Qd7 17. Nxe5 Qe6 18. Rxf8+ Rxf8 19. Nf3 Kh8 20.
Qd3 Re8 21. Re1 Qd7 22. Nh4 Qa4 23. Ng6+ Kg8 24. Qd5+ Kh7 25. Qf5 Qb4 26. Rf1
1-0

[Event "Washington Open"]
[Site "Chess.com"]
[Date "2020.05.25"]
[Round "?"]
[White "Chan, Ethan"]
[Black "Willy, Stephen"]
[Result "1/2-1/2"]
[WhiteElo "1566"]
[BlackElo "1137"]
[PlyCount "153"]
[EventDate "2020.??.??"]

1. e4 e5 2. Nf3 Nc6 3. Bc4 Bc5 4. O-O Nf6 5. d3 d6 6. c3 Bg4 7. Nbd2 d5 8. exd5
Nxd5 9. Re1 O-O 10. h3 Bh5 11. Ne4 Be7 12. Ng3 Bg6 13. Nxe5 Nxe5 14. Rxe5 Nb6
15. Qf3 Nxc4 16. dxc4 c6 17. Bf4 Bd6 18. Ree1 Bxf4 19. Qxf4 Qb6 20. b3 Rad8 21.
h4 h6 22. h5 Bh7 23. Re7 Rd3 24. Rae1 Qd8 25. Rxb7 Rxc3 26. Ree7 Rxg3 27. Rxf7
Qd1+ 28. Kh2 Qxh5+ 29. Kxg3 Qg6+ 30. Kh4 Qg5+ 31. Kh3 Qh5+ 32. Kg3 Qg6+ 33. Kf3
Qxf7 34. Rxf7 Rxf7 35. c5 Rxf4+ 36. Kxf4 Kf7 37. Ke5 Ke7 38. b4 h5 39. a4 Bd3
40. Kd4 Bf1 41. g3 g5 42. Ke4 h4 43. gxh4 gxh4 44. Kf4 a6 45. Kg4 h3 46. Kg3
Ke6 47. Kh2 Kf5 48. Kg1 Bg2 49. b5 axb5 50. a5 b4 51. a6 b3 52. a7 b2 53. a8=Q
b1=Q+ 54. Kh2 Qh1+ 55. Kg3 Qg1 56. Qf8+ Ke4 57. Qe7+ Kd3 58. Qe3+ Kc4 59. Qe2+
Kxc5 60. Qe3+ Kc4 61. Qe2+ Kc3 62. Qe3+ Kb2 63. Qd2+ Kb3 64. Qd3+ Kb4 65. Qd2+
Kb5 66. Qd3+ Kb6 67. Qb3+ Kc5 68. Qe3+ Kd5 69. Qd2+ Ke4 70. Qf4+ Kd5 71. Qd2+
Ke6 72. Qh6+ Kf5 73. Qf4+ Kg6 74. Qd6+ Kf5 75. Qf4+ Ke6 76. Qh6+ Kd5 77. Qd2+
1/2-1/2

[Event "Washington Open"]
[Site "Chess.com"]
[Date "2020.05.25"]
[Round "?"]
[White "Singh, Saket"]
[Black "Willy, Stephen"]
[Result "1-0"]
[WhiteElo "1484"]
[BlackElo "1137"]
[PlyCount "64"]
[EventDate "2020.??.??"]

1. e4 e5 2. Nf3 Nc6 3. Nc3 Nf6 4. d4 exd4 5. Nxd4 Bb4 6. Nxc6 bxc6 7. Bd3 O-O
8. O-O d5 9. exd5 cxd5 10. Bg5 h6 11. Bxf6 Qxf6 12. Nxd5 Qd6 13. Nxb4 Qxb4 14.
Qf3 Bb7 15. Qf5 g6 16. Qf6 Qg4 17. f3 Qh5 18. Rfe1 Rad8 19. Re5 Rd6 20. Qxd6
cxd6 21. Rxh5 gxh5 22. Re1 Bd5 23. Re7 Bxa2 24. b3 a5 25. Ra7 Bb1 26. Rxa5 Rc8
27. Ra1 Bxc2 28. Rc1 Rb8 29. Bxc2 d5 30. Rd1 Rd8 31. Be4 d4 32. Kf1 Ra8 1-0

[Event "Washington Open"]
[Site "Chess.com"]
[Date "2020.05.24"]
[Round "?"]
[White "Williamson, Michelle"]
[Black "Nallabothula, Varin"]
[Result "0-1"]
[WhiteElo "1118"]
[BlackElo "1293"]
[PlyCount "70"]
[EventDate "2020.??.??"]

1. c4 c6 2. d4 d5 3. Nf3 Nf6 4. e3 Bf5 5. Nc3 e6 6. Be2 Be7 7. O-O O-O 8. Nd2
Nbd7 9. c5 a5 10. Re1 b6 11. cxb6 Qxb6 12. Qb3 Qc7 13. Bf1 Rfb8 14. Qd1 e5 15.
e4 dxe4 16. Ndxe4 Nxe4 17. Nxe4 exd4 18. Qxd4 Rb4 19. Qd1 Rxe4 20. Be3 Bb4 21.
Re2 Rae8 22. Rc1 Bg4 23. f3 Rxe3 24. fxg4 Rxe2 25. Bxe2 Nf6 26. Bf3 Re1+ 27.
Qxe1 Bxe1 28. Rxe1 Kf8 29. Rc1 Qb6+ 30. Kh1 Qxb2 31. Rd1 Qxa2 32. Bxc6 g5 33.
h3 a4 34. Rd8+ Kg7 35. Ra8 a3 0-1

[Event "Washington Open"]
[Site "Chess.com"]
[Date "2020.05.24"]
[Round "?"]
[White "Li, Emma"]
[Black "Wong-Godfrey, Emerson"]
[Result "1-0"]
[WhiteElo "1342"]
[BlackElo "1114"]
[PlyCount "35"]
[EventDate "2020.??.??"]

1. e4 e6 2. d4 c5 3. Nf3 d5 4. exd5 exd5 5. Bb5+ Nc6 6. O-O Bg4 7. Re1+ Be7 8.
dxc5 Kf8 9. h3 Bh5 10. Nc3 Bxf3 11. Qxf3 Nd4 12. Qd3 Nxb5 13. Qxb5 Rb8 14. Bf4
Rc8 15. Qxb7 d4 16. Nd5 Bxc5 17. Bc7 Bb6 18. Bxd8 1-0

[Event "Washington Open"]
[Site "Chess.com"]
[Date "2020.05.24"]
[Round "?"]
[White "Singh, Saket"]
[Black "Peesa, Rahul"]
[Result "1/2-1/2"]
[WhiteElo "1484"]
[BlackElo "1107"]
[PlyCount "64"]
[EventDate "2020.??.??"]

1. e4 c5 2. c3 e5 3. d4 cxd4 4. cxd4 exd4 5. Qxd4 Nc6 6. Qd1 Nf6 7. Nc3 Bb4 8.
Bd3 d5 9. exd5 Nxd5 10. Nge2 O-O 11. O-O Nxc3 12. bxc3 Bc5 13. Qc2 f5 14. Rd1
Ne5 15. Bc4+ Nxc4 16. Rxd8 Rxd8 17. Bg5 Rd6 18. Rd1 Rb6 19. Qd3 Be6 20. Rb1 Rd6
21. Qc2 Na3 22. Qb2 Nxb1 23. Qxb1 Bxa2 24. Qxa2+ Kh8 25. Qc2 a5 26. h3 a4 27.
Be7 Rd5 28. c4 Re5 29. Bxc5 Rxc5 30. Nc1 Rac8 31. Na2 b5 32. Qb2 bxc4 1/2-1/2

[Event "Washington Open"]
[Site "Chess.com"]
[Date "2020.05.24"]
[Round "?"]
[White "Peesa, Rahul"]
[Black "Sunku, Charith"]
[Result "1/2-1/2"]
[WhiteElo "1107"]
[BlackElo "1579"]
[PlyCount "96"]
[EventDate "2020.??.??"]

1. d4 d5 2. Bf4 Nf6 3. Nf3 e6 4. e3 c5 5. c3 Nc6 6. Bd3 Bd7 7. Nbd2 Be7 8. h4
c4 9. Bc2 b5 10. e4 Bc8 11. e5 Nd7 12. Qe2 b4 13. Nb1 Qa5 14. cxb4 Nxb4 15. Nc3
Ba6 16. Bb1 Rc8 17. Kf1 Nd3 18. Bd2 Nxb2 19. Kg1 Bb4 20. Qe3 Nb6 21. Rh3 N2a4
22. Nd1 c3 23. Be1 c2 24. Bxc2 Rxc2 25. Qg5 Rg8 26. Bxb4 Qxb4 27. Ne3 Rc8 28.
Qh5 h6 29. Rg3 Qf8 30. Re1 Nc3 31. Nf5 Nc4 32. Nd6+ Nxd6 33. exd6 Ne2+ 34. Kh2
Nxg3 35. Rxe6+ Kd7 36. Re7+ Qxe7 37. Ne5+ Kxd6 38. Nxf7+ Kc6 39. Qg6+ Qf6 40.
Ne5+ Kb7 41. Qb1+ Ka8 42. fxg3 Qe6 43. Qb3 g5 44. h5 Rgf8 45. a4 Rf1 46. a5
Rcf8 47. Ng4 Qxg4 48. Qb8+ Rxb8 1/2-1/2

[Event "Washington Open"]
[Site "Chess.com"]
[Date "2020.05.25"]
[Round "?"]
[White "Williamson, Mobius"]
[Black "Peesa, Rahul"]
[Result "1-0"]
[WhiteElo "1399"]
[BlackElo "1107"]
[PlyCount "57"]
[EventDate "2020.??.??"]

1. c4 e5 2. Nc3 c6 3. Nf3 Qc7 4. g3 Nf6 5. Bg2 d5 6. cxd5 cxd5 7. Qb3 d4 8. Nd5
Qd6 9. Qb5+ Nc6 10. Nxf6+ Qxf6 11. Nxe5 Bd7 12. Nxd7 Kxd7 13. O-O Be7 14. d3
Kc7 15. Bd2 a5 16. Rac1 Rhe8 17. Bf4+ Kd8 18. Qxb7 Ra7 19. Qxc6 Qxc6 20. Rxc6
f5 21. Rfc1 Ra8 22. Rc7 Rb8 23. Bc6 Bd6 24. Bxd6 Rxe2 25. Rd7+ Ke8 26. Bxb8 f4
27. Rb7+ Kd8 28. Bd6 Kc8 29. Rb8# 1-0

[Event "Washington Open"]
[Site "Chess.com"]
[Date "2020.05.23"]
[Round "?"]
[White "Li, Emma"]
[Black "Bhatia, Tanush"]
[Result "1-0"]
[WhiteElo "1342"]
[BlackElo "1091"]
[PlyCount "131"]
[EventDate "2020.??.??"]

1. e4 e5 2. Nf3 Nc6 3. Nc3 Bc5 4. Nxe5 Nxe5 5. d4 Bd6 6. dxe5 Bxe5 7. Qf3 d6 8.
Bc4 Bxc3+ 9. Qxc3 Qf6 10. Bd2 c6 11. O-O Qxc3 12. Bxc3 Ne7 13. Rad1 b5 14. Bb3
Ba6 15. Bxg7 Rg8 16. Bf6 Rd8 17. Rd2 Rg6 18. Bxe7 Kxe7 19. Rfd1 h5 20. c3 Rdg8
21. f3 h4 22. Bc2 R6g7 23. a4 bxa4 24. Bxa4 Bb5 25. Bxb5 cxb5 26. Ra1 Ra8 27.
Rd5 Ke6 28. Ra6 Rag8 29. Raxd6+ Ke7 30. Rd2 Rxg2+ 31. Rxg2 Rxg2+ 32. Kxg2 Kxd6
33. Kh3 Kc5 34. Kxh4 Kc4 35. Kg5 Kb3 36. h4 Kxb2 37. h5 a5 38. h6 Kxc3 39. h7
a4 40. h8=Q+ Kb3 41. Qh1 Kb2 42. Qf1 b4 43. Qb5 Ka3 44. Qd3+ b3 45. Kf6 Ka2 46.
Qc4 a3 47. Kxf7 Kb2 48. e5 a2 49. e6 a1=Q 50. Qd4+ Ka2 51. Qxa1+ Kxa1 52. e7 b2
53. e8=Q b1=Q 54. Qa4+ Kb2 55. Qb4+ Kc1 56. Qxb1+ Kxb1 57. f4 Kc2 58. f5 Kd3
59. f6 Ke4 60. Ke6 Kf3 61. f7 Kg4 62. f8=Q Kg5 63. Qf7 Kh6 64. Qg8 Kh5 65. Kf5
Kh4 66. Qg4# 1-0

[Event "Washington Open"]
[Site "Chess.com"]
[Date "2020.05.24"]
[Round "?"]
[White "Bhatia, Tanush"]
[Black "Elliott, William"]
[Result "1/2-1/2"]
[WhiteElo "1091"]
[BlackElo "1541"]
[PlyCount "62"]
[EventDate "2020.??.??"]

1. d4 d5 2. c4 c6 3. Nc3 Nf6 4. Bf4 e6 5. e3 Nbd7 6. Nf3 Be7 7. Bd3 c5 8. O-O
cxd4 9. exd4 dxc4 10. Bxc4 Nb6 11. Bb3 O-O 12. Re1 Nbd5 13. Bg3 a6 14. Rc1 b5
15. Ne5 Bb7 16. Nxd5 Nxd5 17. Qg4 Rc8 18. Qd1 Bg5 19. Rxc8 Qxc8 20. Bxd5 Bxd5
21. b3 f6 22. Nf3 Bh6 23. Re2 Qb7 24. Rc2 Rc8 25. Rxc8+ Qxc8 26. h3 Qc6 27. Kh2
Bxf3 28. Qxf3 Qxf3 29. gxf3 Bd2 30. Bd6 f5 31. Kg3 g6 1/2-1/2

[Event "Washington Open"]
[Site "Chess.com"]
[Date "2020.05.24"]
[Round "?"]
[White "Bhatia, Tanush"]
[Black "Singh, Saket"]
[Result "0-1"]
[WhiteElo "1091"]
[BlackElo "1484"]
[PlyCount "104"]
[EventDate "2020.??.??"]

1. d4 d5 2. c4 e6 3. Nc3 Nf6 4. Bf4 Be7 5. Nf3 O-O 6. e3 Nbd7 7. Bd3 c5 8. O-O
cxd4 9. exd4 dxc4 10. Bxc4 Nb6 11. Bb3 Nbd5 12. Bg3 Nxc3 13. bxc3 Ne4 14. Qc2
Nxg3 15. fxg3 Bf6 16. Rad1 Qc7 17. Rfe1 b6 18. c4 Rd8 19. d5 a5 20. a4 exd5 21.
cxd5 Qxc2 22. Bxc2 Bc3 23. Re7 Bb4 24. Rc7 Bd6 25. Rc3 Bd7 26. Rf1 Rac8 27.
Rxc8 Rxc8 28. Bb1 Bxa4 29. Ng5 g6 30. Nxf7 Bc5+ 31. Kh1 Bb5 32. Ba2 Bxf1 33. d6
Bb5 34. d7 Bxd7 35. Nd6+ Kg7 36. Nxc8 Bxc8 37. h3 Kf6 38. g4 Ke5 39. Kh2 Kd4
40. Bg8 h6 41. Bh7 g5 42. Kg3 b5 43. h4 Be7 44. hxg5 hxg5 45. Kf2 b4 46. Ke1 a4
47. Kd2 a3 48. Kc2 Be6 49. g3 b3+ 50. Kb1 Kc3 51. Bc2 a2+ 52. Ka1 b2# 0-1

[Event "Washington Open"]
[Site "Chess.com"]
[Date "2020.05.23"]
[Round "?"]
[White "Jammalamadaka, Vihaan"]
[Black "Sankar, Abhay"]
[Result "0-1"]
[WhiteElo "1312"]
[BlackElo "1089"]
[PlyCount "64"]
[EventDate "2020.??.??"]

1. d4 Nf6 2. c4 g6 3. Nc3 Bg7 4. e4 d6 5. Nf3 O-O 6. Be2 c5 7. O-O cxd4 8. Nxd4
Nc6 9. Be3 Bd7 10. h3 Ne8 11. Nxc6 Bxc6 12. f4 Bxc3 13. bxc3 Bxe4 14. Bd3 Nf6
15. f5 Qc7 16. Bh6 Rfc8 17. fxg6 Bxg6 18. Bxg6 fxg6 19. Rf4 Kh8 20. Qd2 Qc5+
21. Kh1 g5 22. Rd4 Rg8 23. Re1 Rae8 24. Qf2 Rg6 25. Bxg5 Qxg5 26. Qf3 Qg3 27.
Qf1 Reg8 28. Rd2 Qxc3 29. Rd3 Qxc4 30. Rxe7 Ne4 31. Qa1+ R6g7 32. Rd4 Nf2+ 0-1

[Event "Washington Open"]
[Site "Chess.com"]
[Date "2020.05.24"]
[Round "?"]
[White "Sankar, Abhay"]
[Black "Li, Emma"]
[Result "1-0"]
[WhiteElo "1089"]
[BlackElo "1342"]
[PlyCount "85"]
[EventDate "2020.??.??"]

1. d4 d5 2. c4 c6 3. cxd5 cxd5 4. Bf4 Nc6 5. Nc3 Nf6 6. e3 Bf5 7. Qb3 Qd7 8.
Nf3 a6 9. Be2 e6 10. a3 Be7 11. O-O O-O 12. Na4 Na5 13. Qd1 Rab8 14. Bxb8 Rxb8
15. Ne5 Qc7 16. Rc1 Qd8 17. b4 Bd6 18. bxa5 Bxa3 19. Ra1 Bb4 20. Qb3 Bxa5 21.
Nc5 Bc7 22. Rfc1 Bxe5 23. dxe5 Ne4 24. Nxe4 Bxe4 25. Bd3 Bxd3 26. Qxd3 Rc8 27.
Rxc8 Qxc8 28. Qa3 h6 29. g3 Qc6 30. Rc1 Qd7 31. Qd6 Qe8 32. Qc7 Qb5 33. Qe7 Qb2
34. Rc8+ Kh7 35. Qxf7 Qb1+ 36. Kg2 Qe4+ 37. f3 Qxe3 38. Qg8+ Kg6 39. Qxe6+ Kh7
40. Qg8+ Kg6 41. Qe6+ Kh7 42. Qf5+ g6 43. Qf7# 1-0

[Event "Washington Open"]
[Site "Chess.com"]
[Date "2020.05.24"]
[Round "?"]
[White "Chan, Ethan"]
[Black "Sankar, Abhay"]
[Result "0-1"]
[WhiteElo "1566"]
[BlackElo "1089"]
[PlyCount "88"]
[EventDate "2020.??.??"]

1. e4 e6 2. Nf3 d5 3. e5 c5 4. b4 cxb4 5. d4 Nc6 6. a3 Bd7 7. axb4 Bxb4+ 8. c3
Ba5 9. Bd3 Nge7 10. O-O h6 11. Qc2 O-O 12. Ba3 Rc8 13. Qe2 Bb6 14. Bc2 f5 15.
exf6 Rxf6 16. Qd3 Ng6 17. g3 e5 18. dxe5 Bf5 19. Qe2 Ncxe5 20. Nxe5 Bxc2 21.
Ng4 Bf5 22. Nxf6+ Qxf6 23. Bb4 Ne5 24. Re1 Bg4 25. Qf1 Nf3+ 26. Kh1 Nxe1 27.
Nd2 Nc2 28. Rb1 Nxb4 29. Rxb4 Qxf2 30. Qxf2 Bxf2 31. Rxg4 Rxc3 32. Nf1 Bc5 33.
Kg2 Rc4 34. Rxc4 dxc4 35. Kf3 c3 36. Ke2 b5 37. Kd3 b4 38. Kc2 a5 39. g4 a4 40.
h3 Bd4 41. Ng3 b3+ 42. Kb1 c2+ 43. Kc1 Be3+ 44. Kb2 c1=Q# 0-1

[Event "Washington Open"]
[Site "Chess.com"]
[Date "2020.05.25"]
[Round "?"]
[White "Rodriguez, Odysseus"]
[Black "Sankar, Abhay"]
[Result "1/2-1/2"]
[WhiteElo "1499"]
[BlackElo "1089"]
[PlyCount "38"]
[EventDate "2020.??.??"]

1. d4 Nf6 2. c4 g6 3. Nc3 Bg7 4. e4 d6 5. Be2 O-O 6. Nf3 c5 7. O-O cxd4 8. Nxd4
b6 9. Be3 Bb7 10. f3 Nbd7 11. Qd2 Ne5 12. Rac1 Ne8 13. Bh6 Nc7 14. Bxg7 Kxg7
15. f4 Nc6 16. Nc2 f5 17. exf5 Rxf5 18. Bd3 Rf8 19. Be4 Qd7 1/2-1/2

[Event "Washington Open"]
[Site "Chess.com"]
[Date "2020.05.25"]
[Round "?"]
[White "Sankar, Abhay"]
[Black "Brown, Northern"]
[Result "1/2-1/2"]
[WhiteElo "1089"]
[BlackElo "1480"]
[PlyCount "70"]
[EventDate "2020.??.??"]

1. d4 g6 2. c4 Bg7 3. Nc3 d6 4. e4 Nf6 5. Nf3 Nbd7 6. Be2 O-O 7. O-O Re8 8. Bd2
e5 9. d5 Nc5 10. Qc2 a5 11. Ne1 Kh8 12. f3 Nh5 13. Nd3 Nxd3 14. Bxd3 Nf4 15.
Ne2 Nxe2+ 16. Bxe2 f5 17. b4 f4 18. bxa5 Qg5 19. Kh1 h5 20. g3 Qf6 21. gxf4
exf4 22. Rac1 Bh3 23. Rg1 Kh7 24. Bf1 Bd7 25. Rb1 Rab8 26. Bd3 Qe5 27. Bc3 Qxc3
28. Qxc3 Bxc3 29. e5 Bf5 30. Bxf5 gxf5 31. Rg5 Rxe5 32. Rbg1 Kh6 33. Rg6+ Kh7
34. Rg7+ Kh8 35. R7g5 Re7 1/2-1/2

[Event "Washington Open"]
[Site "Chess.com"]
[Date "2020.05.23"]
[Round "?"]
[White "Sunku, Charith"]
[Black "Karthikeyan, Harishkumar"]
[Result "1/2-1/2"]
[WhiteElo "1579"]
[BlackElo "1088"]
[PlyCount "88"]
[EventDate "2020.??.??"]

1. e4 e5 2. Nf3 Nc6 3. Bc4 Bc5 4. c3 Nf6 5. d4 exd4 6. cxd4 Bb4+ 7. Bd2 Bxd2+
8. Nbxd2 d5 9. exd5 Nxd5 10. O-O O-O 11. Nb3 a6 12. a3 Nb6 13. Bd3 Be6 14. Nc5
Rb8 15. Nxe6 fxe6 16. Qb3 Qd5 17. Qxd5 exd5 18. Rac1 Rf4 19. Bxa6 Nxd4 20. Nxd4
Rxd4 21. Be2 Re8 22. Bf3 c6 23. Rb1 Nc4 24. Rfe1 Rxe1+ 25. Rxe1 Rd2 26. b3 Nxa3
27. g3 Rb2 28. Re3 Nc2 29. Re2 Rxb3 30. Bh5 g6 31. Rxc2 gxh5 32. f4 d4 33. Kf2
d3 34. Rd2 c5 35. Ke3 b5 36. Rxd3 Rxd3+ 37. Kxd3 Kf7 38. h4 Kf6 39. Kc3 Kf5 40.
Kb3 b4 41. Kc4 Ke4 42. Kb3 Kf5 43. Kc4 Ke4 44. Kb3 Kf5 1/2-1/2

[Event "Washington Open"]
[Site "Chess.com"]
[Date "2020.05.24"]
[Round "?"]
[White "Zhu, Florina"]
[Black "Karthikeyan, Harishkumar"]
[Result "1-0"]
[WhiteElo "1506"]
[BlackElo "1088"]
[PlyCount "115"]
[EventDate "2020.??.??"]

1. e4 e5 2. Nf3 Nc6 3. d4 exd4 4. Nxd4 Bc5 5. Be3 Nxd4 6. Bxd4 Bxd4 7. Qxd4 Qf6
8. c3 Qxd4 9. cxd4 Ne7 10. Nc3 c6 11. Bc4 d6 12. O-O-O Be6 13. Bxe6 fxe6 14. d5
cxd5 15. exd5 e5 16. Nb5 Kd7 17. Kb1 a6 18. Nc3 Rac8 19. Rc1 b5 20. Rhd1 Rc7
21. a4 bxa4 22. Nxa4 Rxc1+ 23. Rxc1 Nxd5 24. Rd1 Nf6 25. Nc5+ Ke7 26. Nxa6 Ra8
27. Nb4 Ke6 28. f3 Rb8 29. Nc2 Nd5 30. Kc1 Rc8 31. Rd2 Nb4 32. Kb1 Nxc2 33.
Rxc2 Rxc2 34. Kxc2 Kd5 35. Kd3 Kc5 36. Ke4 d5+ 37. Kxe5 d4 38. Ke4 Kc4 39. f4
g6 40. g4 d3 41. Ke3 Kd5 42. Kxd3 h6 43. b4 Kc6 44. f5 gxf5 45. gxf5 Kd6 46. b5
Ke5 47. b6 Kxf5 48. b7 Kg4 49. b8=Q h5 50. Qg3+ Kf5 51. Qh4 Kg6 52. Qf4 Kh7 53.
Qg5 Kh8 54. h4 Kh7 55. Ke4 Kh8 56. Kf5 Kh7 57. Kf6 Kh8 58. Qg7# 1-0

[Event "Washington Open"]
[Site "Chess.com"]
[Date "2020.05.24"]
[Round "?"]
[White "Karthikeyan, Harishkumar"]
[Black "Smith, Andrew"]
[Result "1/2-1/2"]
[WhiteElo "1088"]
[BlackElo "1135"]
[PlyCount "109"]
[EventDate "2020.??.??"]

1. e4 c5 2. Nf3 g6 3. d4 cxd4 4. Nxd4 Bg7 5. Nc3 Nc6 6. Nxc6 bxc6 7. Bc4 e6 8.
Qd6 Qe7 9. Qxe7+ Nxe7 10. O-O d5 11. exd5 cxd5 12. Bb5+ Bd7 13. Bxd7+ Kxd7 14.
Rd1 Bxc3 15. bxc3 Rab8 16. Be3 a6 17. Rab1 Rb5 18. Rxb5 axb5 19. Bc5 Nf5 20. g3
Rc8 21. Bb4 Rc4 22. Rd3 Kc6 23. h3 h5 24. a3 d4 25. g4 hxg4 26. hxg4 Nd6 27.
Rxd4 Rxd4 28. cxd4 Nc4 29. Kf1 Kd5 30. c3 e5 31. Bc5 e4 32. Ke2 f5 33. gxf5
gxf5 34. f3 f4 35. fxe4+ Kxe4 36. Bb4 f3+ 37. Kf2 Nd2 38. Be7 Nc4 39. d5 Kxd5
40. Kxf3 Nd2+ 41. Ke2 Ne4 42. Kd3 Nf2+ 43. Kc2 Kc4 44. Bb4 Ne4 45. Ba5 Nc5 46.
Bb4 Ne4 47. Ba5 Nc5 48. Bb6 Ne4 49. Bd4 Nd6 50. Kb2 Ne4 51. Kc2 Nd6 52. Be5 Ne4
53. Kb2 Nc5 54. Kc2 Ne4 55. Bd4 1/2-1/2

[Event "Washington Open"]
[Site "Chess.com"]
[Date "2020.05.25"]
[Round "?"]
[White "Joshi, Atharva"]
[Black "Karthikeyan, Harishkumar"]
[Result "1-0"]
[WhiteElo "1332"]
[BlackElo "1088"]
[PlyCount "113"]
[EventDate "2020.??.??"]

1. d4 d5 2. c4 e6 3. Nf3 Nf6 4. Nc3 Bb4 5. e3 Ne4 6. Qc2 Nxc3 7. bxc3 Be7 8.
Be2 c5 9. cxd5 exd5 10. O-O O-O 11. dxc5 Bxc5 12. Bb2 Nc6 13. Rad1 Be6 14. c4
Nb4 15. Qb1 Qb6 16. a3 Na6 17. cxd5 Bd7 18. Qa1 Qh6 19. Be5 f6 20. Bg3 Ba4 21.
Rc1 Bb6 22. Rc4 Bd7 23. Rh4 Qg6 24. Qd1 Bd8 25. Bd3 f5 26. Ne5 Qe8 27. Rc4 Bf6
28. Nxd7 Qxd7 29. Rc2 Rac8 30. Rxc8 Rxc8 31. Bxa6 bxa6 32. Qb3 g6 33. h3 Kg7
34. Rb1 h6 35. Qb7 Rc1+ 36. Kh2 Qxb7 37. Rxb7+ Kg8 38. Rxa7 Rc5 39. Rxa6 Rxd5
40. Rxf6 Kg7 41. Ra6 Rd2 42. Be5+ Kf7 43. Kg3 Rd1 44. a4 Rh1 45. f4 Re1 46. Kf3
Rf1+ 47. Ke2 Rg1 48. Kf2 Rb1 49. a5 Rc1 50. Ra7+ Ke6 51. a6 Rc2+ 52. Kf3 g5 53.
Ra8 h5 54. a7 g4+ 55. hxg4 fxg4+ 56. Ke4 Rc4+ 57. Kd3 1-0

[Event "Washington Open"]
[Site "Chess.com"]
[Date "2020.05.23"]
[Round "?"]
[White "Shen, Lixing"]
[Black "Chan, Ethan"]
[Result "0-1"]
[WhiteElo "1083"]
[BlackElo "1566"]
[PlyCount "98"]
[EventDate "2020.??.??"]

1. e4 e5 2. Nf3 Nc6 3. d4 exd4 4. Bc4 Bc5 5. O-O Nf6 6. e5 d5 7. exf6 dxc4 8.
fxg7 Rg8 9. Bh6 Be6 10. Re1 Qf6 11. Qd2 O-O-O 12. Na3 Bb4 13. Qg5 Qxg5 14. Nxg5
Bxe1 15. Rxe1 Bd5 16. Nxh7 Rd6 17. Bf4 Rg6 18. Nb5 Rxg2+ 19. Kf1 R2xg7 20. Nf6
Rg1+ 21. Ke2 Rxe1+ 22. Kxe1 Rg1+ 23. Ke2 Be6 24. Nxc7 Bg4+ 25. Nxg4 Rxg4 26.
Kf3 Rxf4+ 27. Kxf4 Kxc7 28. h4 Kd6 29. h5 Ke7 30. Ke4 Kf6 31. Kf4 Kg7 32. h6+
Kxh6 33. Ke4 Kg5 34. f4+ Kf6 35. b3 c3 36. b4 b5 37. a3 a6 38. f5 Ke7 39. Kd3
Kd6 40. Ke4 f6 41. Kd3 Ke5 42. Ke2 Kxf5 43. Kd3 Kf4 44. Ke2 Ke4 45. Kf2 f5 46.
Ke2 f4 47. Kf2 f3 48. Ke1 Ke3 49. Kf1 f2 0-1

[Event "Washington Open"]
[Site "Chess.com"]
[Date "2020.05.24"]
[Round "?"]
[White "Elliott, William"]
[Black "Shen, Lixing"]
[Result "0-1"]
[WhiteElo "1541"]
[BlackElo "1083"]
[PlyCount "90"]
[EventDate "2020.??.??"]

1. c4 e5 2. Nc3 Nf6 3. Nf3 Nc6 4. g3 e4 5. Ng5 Bb4 6. Ngxe4 Nxe4 7. Nxe4 O-O 8.
a3 Bd6 9. Nxd6 cxd6 10. Bg2 b6 11. O-O Ba6 12. d3 Bb7 13. b4 Rb8 14. Bd2 Nd4
15. Bxb7 Rxb7 16. Bc3 Ne6 17. e4 f5 18. f4 fxe4 19. dxe4 Qc7 20. Qd5 Qc6 21.
Qxc6 dxc6 22. Rad1 Rd8 23. Rd3 Rbd7 24. Rfd1 a6 25. e5 d5 26. cxd5 Rxd5 27.
Rxd5 Rxd5 28. Rxd5 cxd5 29. Bd2 Kf7 30. Kf2 Kg6 31. g4 Kf7 32. Ke3 g6 33. h4 h6
34. f5 gxf5 35. gxf5 Nc7 36. a4 h5 37. Kd4 Ke7 38. Bg5+ Kf7 39. e6+ Nxe6+ 40.
Kxd5 Nxg5 41. Kc6 Nf3 42. Kxb6 Nxh4 43. Kxa6 Nxf5 44. Kb6 h4 45. a5 h3 0-1

[Event "Washington Open"]
[Site "Chess.com"]
[Date "2020.05.25"]
[Round "?"]
[White "Shen, Lixing"]
[Black "Sunku, Charith"]
[Result "0-1"]
[WhiteElo "1083"]
[BlackElo "1579"]
[PlyCount "110"]
[EventDate "2020.??.??"]

1. e4 e5 2. Nf3 Nc6 3. d4 exd4 4. Bc4 h6 5. O-O Bc5 6. c3 dxc3 7. Bxf7+ Kxf7 8.
Qd5+ Ke8 9. Qxc5 b6 10. Qh5+ Kf8 11. Nxc3 Nf6 12. Qh4 Qe7 13. Re1 d6 14. Nd5
Nxd5 15. exd5 Qxh4 16. Nxh4 Ne5 17. f4 Nd3 18. Ng6+ Kf7 19. Nxh8+ Kf6 20. Rd1
Ba6 21. Be3 Rxh8 22. Rab1 Re8 23. Bd4+ Kf7 24. g3 Re2 25. a3 h5 26. h4 g6 27.
Rf1 Bc4 28. f5 Bxd5 29. fxg6+ Kxg6 30. Rfd1 Bc4 31. b3 Ba6 32. Rf1 Ne5 33. Bxe5
dxe5 34. Rfc1 c5 35. b4 Bd3 36. Ra1 c4 37. Re1 e4 38. Rxe2 Bxe2 39. Kf2 Bd3 40.
Rc1 Kf5 41. Rc3 Ke5 42. Ke3 Kf5 43. a4 Kg4 44. Kf2 a6 45. Rc1 e3+ 46. Kxe3 Kxg3
47. Rg1+ Kh3 48. Kd4 Kxh4 49. Kd5 Kh3 50. Kc6 c3 51. Kd5 c2 52. Kd4 Bf5 53. Rg5
Bg4 54. Rg6 c1=Q 55. Rxb6 Qg1+ 0-1

[Event "Washington Open"]
[Site "Chess.com"]
[Date "2020.05.23"]
[Round "?"]
[White "He, Justin"]
[Black "Liu, Yuntao"]
[Result "1-0"]
[WhiteElo "1562"]
[BlackElo "1059"]
[PlyCount "85"]
[EventDate "2020.??.??"]

1. e4 e5 2. Nf3 Nc6 3. Bb5 a6 4. Ba4 Nf6 5. O-O b5 6. Bb3 d6 7. c3 Be7 8. d4
Bg4 9. Be3 O-O 10. h3 Bh5 11. Nbd2 Re8 12. Rc1 Na5 13. Bc2 c5 14. dxc5 dxc5 15.
g4 Bg6 16. Nxe5 Bd6 17. Nxg6 hxg6 18. f4 Bf8 19. e5 Nd5 20. Qf3 Rc8 21. Kg2 Qd7
22. Rf2 Nxe3+ 23. Qxe3 c4 24. Qf3 Bc5 25. Re2 Nc6 26. Rd1 Qe7 27. Ne4 Rcd8 28.
Rxd8 Nxd8 29. f5 gxf5 30. gxf5 Qh4 31. Nxc5 Qg5+ 32. Qg4 Qh6 33. Nd7 Qc6+ 34.
Kh2 Qxd7 35. Rg2 f6 36. e6 Qd6+ 37. Qg3 Qe7 38. Rd2 Nxe6 39. fxe6 Qxe6 40. Bg6
Rf8 41. Rg2 Rd8 42. Bh7+ Kf8 43. Qxg7+ 1-0

[Event "Washington Open"]
[Site "Chess.com"]
[Date "2020.05.24"]
[Round "?"]
[White "Joshi, Atharva"]
[Black "Liu, Yuntao"]
[Result "0-1"]
[WhiteElo "1332"]
[BlackElo "1059"]
[PlyCount "102"]
[EventDate "2020.??.??"]

1. e4 e5 2. Nf3 Nc6 3. Bc4 Bc5 4. d3 d6 5. c3 Nf6 6. O-O Bg4 7. Nbd2 O-O 8. b4
Bb6 9. h3 Bh5 10. a4 a5 11. b5 Ne7 12. Ba3 Qd7 13. Qc2 Ng6 14. d4 exd4 15. cxd4
Rfe8 16. Rae1 Rab8 17. e5 dxe5 18. dxe5 Nd5 19. Qd3 Ngf4 20. Qc2 Nxg2 21. Kxg2
Nf4+ 22. Kg1 Qxh3 23. Qxh7+ Kxh7 24. Ng5+ Kg8 25. Nxh3 Nxh3+ 26. Kg2 Nf4+ 27.
Kg3 Ne6 28. Rh1 Bg6 29. Rh2 Bc5 30. Reh1 Kf8 31. Rh8+ Ke7 32. Rxe8+ Rxe8 33.
Bxe6 Bxa3 34. Bb3 Rd8 35. Rd1 Rd3+ 36. Kf4 Bb4 37. Nc4 Rxb3 38. Ne3 c6 39. bxc6
bxc6 40. Rc1 Rc3 41. Ra1 Bc5 42. Rb1 Bxe3+ 43. fxe3 Bxb1 44. e6 Kxe6 45. e4
Bxe4 46. Kg5 Rf3 47. Kg4 Ke5 48. Kg5 Rg3+ 49. Kh5 c5 50. Kh4 Kf4 51. Kh5 Rh3#
0-1

[Event "Washington Open"]
[Site "Chess.com"]
[Date "2020.05.24"]
[Round "?"]
[White "Liu, Yuntao"]
[Black "Hack, Don"]
[Result "0-1"]
[WhiteElo "1059"]
[BlackElo "1204"]
[PlyCount "61"]
[EventDate "2020.??.??"]

1. b3 Nf6 2. Bb2 e6 3. e3 c5 4. f4 Nc6 5. Nf3 b6 6. Bb5 Bb7 7. O-O Be7 8. Qe1
O-O 9. Qh4 Nb4 10. Na3 a6 11. Be2 b5 12. c3 Nc6 13. Bd3 Ne4 14. Ng5 Nxg5 15.
fxg5 h6 16. Qe4 g6 17. gxh6 f5 18. Qf3 Kh7 19. c4 Bf6 20. Bxf6 Qxf6 21. cxb5
Nd8 22. Qh3 axb5 23. Nxb5 Ba6 24. e4 Nf7 25. exf5 exf5 26. Nc7 Qd4+ 27. Qe3
Qxe3+ 28. dxe3 Bxd3 29. Rfd1 Rac8 30. Nd5 Be4 31. Nf6+ 0-1

[Event "Washington Open"]
[Site "Chess.com"]
[Date "2020.05.25"]
[Round "?"]
[White "Gurumurthy, Srikrishna"]
[Black "Liu, Yuntao"]
[Result "1-0"]
[WhiteElo "1232"]
[BlackElo "1059"]
[PlyCount "75"]
[EventDate "2020.??.??"]

1. d4 Nf6 2. c4 e5 3. dxe5 Ng4 4. Nf3 Nc6 5. Bg5 Be7 6. Bxe7 Qxe7 7. Nc3 Ngxe5
8. e3 d6 9. Be2 Be6 10. b3 O-O-O 11. Nd4 Qg5 12. Nxe6 fxe6 13. O-O Qh4 14. f4
Nd7 15. Bf3 Ne7 16. Qd4 Kb8 17. Nb5 Nb6 18. c5 dxc5 19. Qxc5 Rc8 20. a4 c6 21.
Qe5+ Ka8 22. Nc7+ Rxc7 23. Qxc7 Rc8 24. Qe5 h6 25. Qxe6 Rf8 26. a5 Nbc8 27. a6
Rf6 28. axb7+ Kxb7 29. Qd7+ Kb8 30. Ra4 Nb6 31. Qxa7+ Kc8 32. Qxe7 Nxa4 33. Rd1
Rd6 34. Qxd6 Kb7 35. Bxc6+ Kb6 36. Be4+ Kb5 37. Bd3+ Ka5 38. b4# 1-0